LEADER 00657nab a2200145 i 4500 001 000000265145 003 CaOOAMICUS 005 20061005000000.0 008 061005n xx uu u0 0und r 013 $a8131 040 $aSeMil$bita 245 10$aVenezia 60 :$bnumero speciale ; 60. mostra internazionale d'arte cinematografica : ancora Mostra d'Arte?. - 47 p. - Titoli dalla copertina. 500 $aSettembre 2003. 773 0 $t[2003-2005.$dRoma : CiSCS, copyr. 2003-2005.$w()137936 996 $6245$aVenezia 60 :$bnumero speciale ; 60. mostra internazionale d'arte cinematografica : ancora Mostra d'Arte?. - 47 p. - Titoli dalla copertina.$9(OLS)http://semarc/title/357310 LEADER 00385nab a2200133 i 4500 001 000000289403 003 CaOOAMICUS 005 20180831165427.0 008 180831n xx uu u0 0und r 013 $a44074 040 $aSeMil$bita 245 10$a[vedi periodico]. 773 0 $t2014 : [2].$dPisa ; Roma : Fabrizio Serra, 2016.$w()250354 996 $6245$a[vedi periodico]$9(OLS)http://semarc/title/309439